Culture Générale - Poisson d'Avril - Statistiques

Statistiques générales
  • Ce quiz a été pris 2 564 fois
    2 560 depuis la dernière actualisation
  • Le résultat moyen est 34 sur 50
Statistiques - réponses
Question Réponse % Correct
Pour commencer le test, écrivez "Je suis prêt". Je suis prêt
100%
Maintenant, "congolexicomatisation". Congolexicomatisation
95%
Bon toutou. Remerciez-moi. Merci
89%
Passons aux choses sérieuses, vous êtes d'accord ? Oui
88%
Je serais très étonné si vous vous appeliez réellement "d'accord". Vous êtes d'accord ? Non
81%
Répète et répépète sont sur un bateau. Répépète tombe à l'eau. Qu'est-ce qui reste ? Répète
80%
Répète et répépète sont sur un bateau. Répépète tombe à l'eau. Qu'est-ce qui reste ? Répète
79%
Répète et répépète sont sur un bateau. Répépète tombe à l'eau. Qu'est-ce qui reste ? Répète
78%
Répète et répépète sont sur un bateau. Répépète tombe à l'eau. Qu'est-ce qui reste ? Répète
77%
Répète et répépète sont sur un bateau. Répépète tombe à l'eau. Qu'est-ce qui reste ? Répète
76%
Répète et répépète sont sur un bateau. Répépète tombe à l'eau. Qu'est-ce qui reste ? Répète
74%
Répète et répépète sont sur un bateau. Répépète tombe à l'eau. Qu'est-ce qui reste ? Répète
74%
Répète et répépète sont sur un bateau. Répépète tombe à l'eau. Qu'est-ce qui reste ? Répète
72%
Répète et répépète sont sur un bateau. Répépète tombe à l'eau. Qu'est-ce qui reste ? Répète
71%
Répète et répépète sont sur un bateau. Répépète tombe à l'eau. Qu'est-ce qui reste ? Répète
71%
Répète et répépète sont sur un bateau. Répépète tombe à l'eau. Qu'est-ce qui reste ? Répète
70%
Répète et répépète sont sur un bateau. Répépète tombe à l'eau. Qu'est-ce qui reste ? Répète
69%
Répète et répépète sont sur un bateau. Répépète tombe à l'eau. Qu'est-ce qui reste ? Répète
68%
Répète et répépète sont sur un bateau. Répépète tombe à l'eau. Qu'est-ce qui reste ? Répète
68%
Répète et répépète sont sur un bateau. Répépète tombe à l'eau. Qu'est-ce qui reste ? Répète
67%
Répète et répépète sont sur un bateau. Répépète tombe à l'eau. Qu'est-ce qui reste ? Répète
67%
Répète et répépète sont sur un bateau. Répépète tombe à l'eau. Qu'est-ce qui reste ? Répète
66%
Répète et répépète sont sur un bateau. Répépète tombe à l'eau. Qu'est-ce qui reste ? Répète
66%
Répète et répépète sont sur un bateau. Répépète tombe à l'eau. Qu'est-ce qui reste ? Répète
65%
Répète et répépète sont sur un bateau. Répépète tombe à l'eau. Qu'est-ce qui reste ? Répète
65%
Répète et répépète sont sur un bateau. Répépète tombe à l'eau. Qu'est-ce qui reste ? Répète
65%
Répète et répépète sont sur un bateau. Répépète tombe à l'eau. Qu'est-ce qui reste ? Répète
65%
Répète et répépète sont sur un bateau. Répépète tombe à l'eau. Qu'est-ce qui reste ? Répète
65%
Répète et répépète sont sur un bateau. Répépète tombe à l'eau. Qu'est-ce qui reste ? Répète
65%
Répète et répépète sont sur un bateau. Répépète tombe à l'eau. Qu'est-ce qui reste ? Répète
65%
Répète et répépète sont sur un bateau. Répépète tombe à l'eau. Qu'est-ce qui reste ? Répète
65%
Répète et répépète sont sur un bateau. Répépète tombe à l'eau. Qu'est-ce qui reste ? Répète
65%
Répète et répépète sont sur un bateau. Répète tombe à l'eau. Qu'est-ce qui reste ? Répépète
64%
Répète et répépète sont sur un bateau. Répépète tombe à l'eau. Qu'est-ce qui reste ? Répète
64%
Répète et répépète sont sur un bateau. Répépète tombe à l'eau. Qu'est-ce qui reste ? Répète
64%
Répète et répépète sont sur un bateau. Répépète tombe à l'eau. Qu'est-ce qui reste ? Répète
64%
Répète et répépète sont sur un bateau. Répépète tombe à l'eau. Qu'est-ce qui reste ? Répète
64%
Répète et répépète sont sur un bateau. Répépète tombe à l'eau. Qu'est-ce qui reste ? Répète
64%
Répète et répépète sont sur un bateau. Répépète tombe à l'eau. Qu'est-ce qui reste ? Répète
64%
Répète et répépète sont sur un bateau. Répépète tombe à l'eau. Qu'est-ce qui reste ? Répète
64%
Répète et répépète sont sur un bateau. Répépète tombe à l'eau. Qu'est-ce qui reste ? Répète
64%
Répète et répépète sont sur un bateau. Répépète tombe à l'eau. Qu'est-ce qui reste ? Répète
64%
Bien joué ! Question suivante : qui a découvert l'Amérique ? Christophe Colomb
63%
C'est fou, plusieurs milliards de personnes ont déjà foulé le continent américain et pourtant vous avez pensé à la même personne que moi. Vous devriez jouer au loto, vous ne pensez pas ? Non
62%
Vous avez raison, c'est une façon assez stupide de gâcher son argent, qui stimule exprès votre réservoir de dopamine pour vous rendre addict et vous ruiner alors que vous avez sans doute mieux à faire de votre vie. Tant pis pour vos 20 millions. Prêt pour la dernière question ? Oui
61%
Quel chiffre se trouve entre 5 et 7 ? 6
60%
Vous approchez de la fin, vous en êtes conscient ? Ce sera une question très difficile, j'espère que vous vous êtes préparé mentalement. C'est bon ? Non
60%
Votre rapidité m'a bluffé. Petite question de formalité pour valider votre gain d'une tonne de chocolats kinder surprise périmés depuis janvier 2019 : entrez "oui" pour y accéder. Non
58%
Le toutou s'est rebellé ! Bref : Dans quel bâtiment a été inhumé Charles Ier d'Elbeuf (1556-1605) ? Collégiale de la Saussaye
35%
Je vous avais dit que ce serait facile. Entrez la date du jour de la création de ce quiz (visible en haut de la page, en dessous du nom du créateur et de la note des utilisateurs) pour le valider entièrement. Premier avril
33%
Aucun quiz correspondant
Distribution des résultats
% des personnes avec chaque résultat
Percentile par nombre de réponses
Votre historique - résultats
Vous n’avez pas pris ce quiz depuis la dernière actualisation